000 00547cam a2200145 4500500
005 20251228072919.0
041 _afre
042 _adc
100 1 0 _aSocqué, Sébastien
_eauthor
245 0 0 _aJocelyn LÉTOURNEAU, Passer à l’avenir. Histoire, mémoire, identité dans le Québec d’aujourd’hui, Montréal, Boréal, 2000, 194 p.
260 _c2005.
500 _a40
786 0 _nCités | 23 | 3 | 2005-09-01 | p. 245g-272g | 1299-5495
856 4 1 _uhttps://shs.cairn.info/revue-cites-2005-3-page-245g?lang=fr&redirect-ssocas=7080
999 _c1594433
_d1594433